| 000 | 00348nam a2200145 a 4500 | ||
|---|---|---|---|
| 001 | 3419 | ||
| 003 | CDMR | ||
| 005 | 20130116135244.0 | ||
| 008 | 130130s ||||||||||||||||||||||||||||d | ||
| 040 |
_aCDMR _bcat _cCDMR |
||
| 100 | 1 |
_aMaltese, Corrado _92466 |
|
| 245 | 1 | 0 | _aSemiología del mensaje objetual |
| 260 |
_aMadridb _bComunicación |
||
| 942 | _cMON | ||
| 999 |
_c3419 _d3419 |
||